Missing Word: 1960s TV Shows A-Z Quiz Stats

 Plays Quiz Updated Jul 14, 2014

Support Sporcle.
Go Orange.
Score 0/25 Timer 03:00
0 Plays Today
Show Word % Correct
I _____ of JeannieDream
96.1%
Car 54, Where Are ___?You
94.7%
The Beverly ___________Hillbillies
93.8%
____ in SpaceLost
93.3%
The ____ Garland ShowJudy
91.2%
_____ 66Route
90.9%
My _____ SonsThree
89.4%
The Andy _______ ShowGriffith
88.5%
______ Don't Eat the DaisiesPlease
87.6%
The _____ LimitsOuter
87.3%
The ______ FamilyAddams
82.5%
The ______ NunFlying
82.3%
______ to the Bottom of the SeaVoyage
76.1%
Show Word % Correct
Gentle ___Ben
74.7%
______ StreetSesame
71.9%
The Man from _____U.N.C.L.E.
67.8%
The ___ Phil Silvers ShowNew
67%
____ TalkingKeep
48.7%
Dick Powell's ____ Grey TheatreZane
47.9%
Top ___Cat
41.7%
Rainbow _____Quest
40.4%
Danger ___Man
39.4%
Danger ______Island
34.6%
The ________ HourEleventh
34.1%
_____ RacesWacky
28.4%

Today's Daily Dose

You're not logged in!

Compare scores with friends on all Sporcle quizzes.
OR
Log In

From the Vault

9-Letter Countries

by kyrgyzstan

In our ongoing efforts to help you with your daily crossword puzzle, we now offer Nine-Letter Countries.
Remove Ads.
Support Sporcle.
Get the best of Sporcle when you Go Orange. This ad-free experience offers more features, more stats, and more fun while also helping to support Sporcle. Thank you for becoming a member.

Show Comments

Extras

Top Quizzes Today


Score Distribution

Your Account Isn't Verified!

In order to create a playlist on Sporcle, you need to verify the email address you used during registration. Go to your Sporcle Settings to finish the process.

Report this User

Report this user for behavior that violates our Community Guidelines.

Details: